MDQL
is popping MORE tags! Check the
thread
!
Quizzes
Events
Quiz Creation
Community
Videos
Private Events
Remove Ads
Sign In
Join for FREE
Feedback
Dark Mode
Quiz Categories
Sports
Geography
Music
Movies
Television
Just For Fun
Miscellaneous
History
Literature
Language
Science
Gaming
Entertainment
Religion
Holiday
For Kids
Quiz Lab
Recent
Popular Today
Quiz Kudos Today
Editor Picks
Curator Picks
Quizzes by...
Day
Popularity
Type
Ratings
Length
Year
Community
Subscriptions
Recent Discussions
Orange Saloon
Badges
Playlists
Quests
Create
Leaderboards
Showdown
Live 5
Trivia Bingo
Activity
Puzzle Library
Sporcle Events
Private Events
Virtual Trivia
Globe League
Become a Host
Pub Owners
SporcleCon
Opinionation
Our Games
Videos
Blog
Mobile Apps
Partnerships
Remove Ads and Go Orange
Feedback
Gaming
Video Games
Board Games
Card Games
Pokémon
Mario
Nintendo
Minecraft
Console
Toys
Legend of Zelda
Gaming
Video Games
Board Games
Card Games
Pokémon
Mario
Nintendo
Minecraft
Console
Toys
Legend of Zelda
Random Quiz
Search Sporcle
×
Quiz Lab
Quiz Lab
Gaming
Basketball
Type in answers that appear in a list
Type in answers that appear in a list
Classic
Best Score? Go Orange.
College Basketball Video Game Cover Athletes Stats
Can you name the College Basketball Video Game Cover Athletes?
By
SLUBillikens1
7m
19 Questions
75 Plays
75 Plays
75 Plays
Comments
Comments
Give Quiz Kudos
Give Quiz Kudos
-
- Ratings
hide this ad
Replay
Link that replays current quiz
Next Quiz
Link to next quiz in quiz playlist
You Got
0%
They Got
Avg Score
52%
Avg Friend Score
Upgrade to see
Score Distribution
Jump to the score distribution portion of the page
Score
0/19
Timer
07:00
0
Plays Today
Game
Player
% Correct
NCAA March Madness 98
Tim Duncan
85.3%
NCAA March Madness 2008
Kevin Durant
84%
NCAA Basketball 2010
Blake Griffin
80%
NCAA March Madness 2004
Carmelo Anthony
76%
NCAA March Madness 2007
Adam Morrison
73.3%
NCAA Basketball 2009
Kevin Love
72%
College Hoops 2k8
Greg Oden
66.7%
College Hoops 2k7
JJ Redick
57.3%
NCAA March Madness 2005
Emeka Okafor
54.7%
NCAA March Madness 2001
Kenyon Martin
48%
Game
Player
% Correct
NCAA March Madness 2002
Shane Battier
48%
NCAA March Madness 2006
Raymond Felton
48%
NCAA College Basketball 2k3
Jay Williams
34.7%
ESPN College Hoops
TJ Ford
33.3%
ESPN College Hoops 2k5
Josh Childress
29.3%
College Hoops 2k6
Marvin Williams
29.3%
NCAA March Madness 2003
Drew Gooden
28%
NCAA March Madness 2000
Steve Francis
24%
NCAA March Madness 99
Antawn Jamison
20%
Quiz Playlist
Details
Report
Send in Message
Add To Playlist
Classic:
Type in answers that appear in a list
Last Updated: Feb 16, 2017
Quiz Scoreboard
CHALLENGE
Sign Up to Join the Scoreboard
Show All
Scores
Hide
Comments
May contain spoilers
Recently Published
Holiday 10x10 Sorting Gallery
by lukepisani3
Holiday
15m
Two Season TV Shows II
by 123Four
Television
10m
Image Sorting: Flags VI
by Barbecue
Geography
2m
More to Explore
Quiz From the Vault
Featured Blog Post
14 Easter Pick-up Lines to Find Eggs With
hide this ad
You Might Also Like...
Tags
Basketball Quiz
NCAA Quiz
Today's Top Quizzes in Gaming
Browse Gaming
hide this ad
Today's Top Quizzes in Basketball
Browse Basketball
Top Contributed Quizzes in Gaming
1
League of Legends Pro Players by Career/Team History
2
Genshin Impact Logic Puzzle
3
Destiny 2 exotic weapons by perk icons
4
Genshin murder mystery
5
4x4 Decades: Video Games
6
Genshin Impact Logic Puzzle Quiz
7
Ultimate Genshin Impact Logic Puzzle (up to 4.3)
8
Dead By Daylight Logic Puzzle
9
Who's on the WWE 2K24 Cover?
10
Overwatch Logic Puzzle
Explore More
Trending Topics
Marvel
Disney
Harry Potter
NBA
Anime
Crossword
Kpop
Song
Puzzle
Country
NFL
Soccer
The Office
Pokémon
WWE
hide this ad
More By:
SLUBillikens1
Quiz
Plays
Rating
Category
Featured
Created
College Basketball D1 Nicknames Part 1
335
2.13
Sports
Dec 26, 2012
NCAA Basketball AP Player Of Year
297
5.00
Sports
Dec 26, 2012
#1 NCAA Basketball Recruits
272
2.33
Sports
Oct 16, 2013
Most NCAA Men's Basketball Wins (Current D1)
197
2.75
Sports
Jan 12, 2013
NCAA Basketball AP All-Americans 2010-2012
167
3.00
Sports
Dec 25, 2012
Go to Creator's Profile
Score Distribution
Quiz Creator Spotlight
SLUBillikens1
Follow
Send a Message
Quizzes Created
-
Created Quiz Play Count
-
More By This Creator
Popular Quizzes Today
1
Find the US States - No Outlines Minefield
2
Colored Red Africa Blitz
3
Find the 'City' Movie
4
The Countries of the World
5
5x2 Blitz: Bands
6
Find the Countries of Europe - No Outlines Minefield
7
Find the US States
8
US States
More Gaming Quizzes
Grand Theft Auto: San Andreas (2004) Aircraft
Quiz Lab
Trending Quizzes
Colored Red Europe Blitz I
Colored Red Africa Blitz II
Colored Red Europe Blitz II
Even More Two Season TV Shows
Colored Red Africa Blitz III
Recently Updated
Quick Pick: 20 Twenties
pecheneg
March Madness Men's Triple Doubles
pecheneg
How Do You Spell That?
pecheneg
Godzilla Movies
pecheneg
Grab Bag: 4-10 Letters
pecheneg
2024 March Madness Bracket
pecheneg
Famous TV Couples
Peacemaker
Champions League XIs: Real Madrid
pecheneg
Largest US Cities 1790-2010
pecheneg
Rides in Walt Disney World
pecheneg
Trending Topics
Crossword
NBA
Harry Potter
Marvel
Anime
Disney
Kpop
WWE
Puzzle
Soccer
The Office
NFL
Song
Pokémon
Country
Your Account Isn't Verified!
In order to create a playlist on Sporcle, you need to verify the email address you used during registration. Go to your
Sporcle Settings
to finish the process.
Report this User
Report this user for behavior that violates our
Community Guidelines
.
Details:
Send Report
Go to the Sporcle.com Mobile Site →
Comments